| 000 | 01821nam0a2200361 4500 | ||
|---|---|---|---|
| 001 | RU\NLR\bibl\1867326 | ||
| 005 | 20250616184842.0 | ||
| 010 |
_a978-5-91480-114-1 _9100 |
||
| 021 |
_aRU _b2012-2470 _9181 |
||
| 035 | _a(NLR Aleph) 001857194 | ||
| 090 |
_a2482011 _c2482011 |
||
| 100 | _a20120209d2011 |||y0rusy50 ca | ||
| 101 | 0 | _arus | |
| 102 | _aRU | ||
| 105 | _aac ||||||||| | ||
| 200 | 1 |
_a"Будущие дети России...": проблема интеграции в административной практике и общественном сознании (Центральный Кавказ конца XVIII - начала XX вв.) _fС.А. Айларова, Е.И. Кобахидзе _gУчреждение Рос. акад. наук, Сев.-Осетинский ин-т гуманит. и соц. исслед. им. В.И. Абаева ВНЦ РАН и правительства РСО-Алания |
|
| 210 |
_aВладикавказ _cИПО СОИГСИ _d2011 |
||
| 215 |
_a391 с. _cил., портр. _d21 |
||
| 320 | _aБиблиогр.: с. 368-386 | ||
| 320 | _aИмен. указ.: с. 386-389 | ||
| 606 | 1 |
_aГосударственное управление _xИстория _yКавказ Северный _z19 в. _92238249 _3RU\NLR\auth\661343171 |
|
| 607 |
_aКавказ Северный _xИстория _z18 - нач. 20 вв. _92097909 _3RU\NLR\auth\661572645 |
||
| 686 | _aТ3(2Р37)47 | ||
| 686 | _aТ3(2Р37)52 | ||
| 686 | _aХ2(2Р37)5-523 | ||
| 700 | 1 |
_aАйларова _bС. А. _gСветлана Ахсарбековна _4070 |
|
| 701 | 1 |
_aКобахидзе _bЕ. И. _gЕлена Исааковна _4070 |
|
| 801 | 0 |
_aRU _bNLR _c20120209 _gRCR |
|
| 801 | 1 |
_aRU _bNLR _c20120209 |
|
| 942 | _cBOOK | ||
| 980 | _aNB | ||
| 980 | _aNBR | ||